000
00306 a2200121 4500
001
146597
040
_c
Escola São Tomás de Aquino
100
_a
BRANCO, Samuel Murgel
240
1
0
_a
Florinha e a fotossíntese
_l
por
245
1
0
_a
Florinha e a fotossíntese
697
_a
*LITERATURA INFANTO
942
_c
BK
999
_c
146597
_d
146597